PHARMACEUTICAL CHEMISTRY - I LABORATORY MANUAL: for first year diploma in pharmacy (Record no. 6007)

MARC details
000 -LEADER
fixed length control field 00501nam a22001697a 4500
005 - DATE AND TIME OF LATEST TRANSACTION
control field 20230112120059.0
008 - FIXED-LENGTH DATA ELEMENTS--GENERAL INFORMATION
fixed length control field 190918b xxu||||| |||| 00| 0 eng d
020 ## - INTERNATIONAL STANDARD BOOK NUMBER
ISBN 978-81-239-1536-4
041 ## - LANGUAGE CODE
Language code of text/sound track or separate title eng
100 ## - MAIN ENTRY--AUTHOR NAME
Personal name PARLE,AMRITA
245 ## - TITLE STATEMENT
Title PHARMACEUTICAL CHEMISTRY - I LABORATORY MANUAL: for first year diploma in pharmacy
250 ## - EDITION STATEMENT
Edition statement 1st , Ed. 2008
260 ## - PUBLICATION, DISTRIBUTION, ETC. (IMPRINT)
Place of publication NEW DELHI
Name of publisher CBS PUBLISHERS AND DISTRYBUTORS PVT. LTD.
300 ## - PHYSICAL DESCRIPTION
Number of Pages 145p,
650 ## - SUBJECT ADDED ENTRY--TOPICAL TERM
Topical Term PHARMACY
General subdivision B.PHARMA
942 ## - ADDED ENTRY ELEMENTS (KOHA)
Koha item type Books
Holdings
Lost status Damaged status Collection code Home library Current library Shelving location Date acquired Source of acquisition Cost, normal purchase price Accession Number Koha item type Full call number
    PHARMACY JRU Library JRU Library SHELF-5-B 18/09/2019 PURCHESS 275.00 23563 Books  
    PHARMACY JRU Library JRU Library Shelf - 27- H 18/09/2019 PURCHESS 275.00 23564 Books  
    PHARMACY JRU Library JRU Library Shelf - 27- H 18/09/2019 PURCHESS 275.00 23565 Books  
    Reference JRU Library JRU Library SHELF-5-B 18/09/2019 PURCHESS 275.00 23566 Books  
    PHARMACY JRU Library JRU Library Shelf - 27- H 09/02/2022 PURCHASE 360.00 26029 Books 615.19
    PHARMACY JRU Library JRU Library Shelf - 27- H 09/02/2022 PURCHASE 360.00 26030 Books 615.19
    PHARMACY JRU Library JRU Library Shelf - 27- H 09/02/2022 PURCHASE 360.00 26031 Books 615.19
    PHARMACY JRU Library JRU Library Shelf - 27- H 09/02/2022 PURCHASE 360.00 26032 Books 615.19
    PHARMACY JRU Library JRU Library Shelf - 27- H 09/02/2022 PURCHASE 360.00 26033 Books 615.19
    PHARMACY JRU Library JRU Library Shelf - 27- H 09/02/2022 PURCHASE 360.00 26034 Books 615.19